США и Европа (Запись № 1080194)

Подробности
000 -МАРКЕР
контрольное поле 01693nam0a2200337 4500
001 - ИДЕНТИФИКАТОР ЗАПИСИ
контрольное поле RU\NLR\bibl\190406
005 - ИДЕНТИФИКАТОР ВЕРСИИ
контрольное поле 20260407135202.0
010 ## - МЕЖДУНАРОДНЫЙ СТАНДАРТНЫЙ НОМЕР КНИГИ (ISBN)
Номер (ISBN) 5-02-008365-8
Тираж 430
021 ## - НОМЕР ГОСУДАРСТВЕННОЙ РЕГИСТРАЦИИ
Код страны Российская Федерация
Номер 2000-54479
Номер Листа государственной регистраци 2519
035 ## - ДРУГИЕ СИСТЕМНЫЕ НОМЕРА
Идентификатор записи (NLR Aleph) 000186930
100 ## - ДАННЫЕ ОБЩЕЙ ОБРАБОТКИ
Данные общей обработки 20011008d2000 |||y0rusy50 ca
101 0# - ЯЗЫК РЕСУРСА
Язык текста, звукозаписи и т.д. русский
102 ## - СТРАНА ПУБЛИКАЦИИ ИЛИ ПРОИЗВОДСТВА
Страна публикации Российская Федерация
105 ## - ПОЛЕ КОДИРОВАННЫХ ДАННЫХ: ТЕКСТОВЫЕ МАТЕРИАЛЫ, МОНОГРАФИЧЕСКИЕ
Кодированные данные о монографическом текстовом документе y |||||||||
200 1# - ЗАГЛАВИЕ И СВЕДЕНИЯ ОБ ОТВЕТСТВЕННОСТИ
Основное заглавие США и Европа
Сведения, относящиеся к заглавию Перспективы взаимоотношений на рубеже веков
Первые сведения об ответственности [А.И. Уткин, О.В. Приходько, П.Е. Смирнов и др.]
Последующие сведения об ответственности Рос. акад. наук, Ин-т Соедин. Штатов Америки и Канады
210 ## - ПУБЛИКАЦИЯ, РАСПРОСТРАНЕНИЕ И ДР.
Место издания, распространения и т.д. М.
Имя издателя, распространителя и т. д. Наука
Дата издания, распространения и т.д. 2000
215 ## - ФИЗИЧЕСКАЯ ХАРАКТЕРИСТИКА
Специфическое обозначение материала и объем 190, [2] с.
Размеры 22
320 ## - ПРИМЕЧАНИЯ О НАЛИЧИИ В ДОКУМЕНТЕ БИБЛИОГРАФИИ / УКАЗАТЕЛЯ
Текст примечания Библиогр. в конце глав
607 ## - ГЕОГРАФИЧЕСКОЕ НАИМЕНОВАНИЕ КАК ПРЕДМЕТ
Географическое наименование Соединенные Штаты Америки
Формальный подзаголовок Сборники
Тематический подзаголовок Внешняя политика
Географический подзаголовок Европейские страны
Хронологический подзаголовок 1990-ые гг.
Системный номер авторитетной/нормативной записи 2224110
Идентификатор авторитетной/нормативной записи RU\NLR\auth\661335297
686 ## - ИНДЕКСЫ ДРУГИХ КЛАССИФИКАЦИЙ
Индекс Т3(7США)63-6я43
701 #1 - ИМЯ ЛИЦА - АЛЬТЕРНАТИВНАЯ ОТВЕТСТВЕННОСТЬ
Код отношения Автор
Материалы, к которым относится поле rus
Графика поля Кириллица
Начальный элемент ввода Уткин
Часть имени, кроме начального элемента ввода А. И.
Дополнения к именам, кроме дат д-р ист. наук, внешняя политика США
Даты 1944-2010
Расширение инициалов личного имени Анатолий Иванович
Идентификатор авторитетной/нормативной записи RU\NLR\AUTH\7784882
Системный номер авторитетной/нормативной записи 67810
701 #1 - ИМЯ ЛИЦА - АЛЬТЕРНАТИВНАЯ ОТВЕТСТВЕННОСТЬ
Начальный элемент ввода Приходько
Часть имени, кроме начального элемента ввода О. В.
Код отношения Автор
701 #1 - ИМЯ ЛИЦА - АЛЬТЕРНАТИВНАЯ ОТВЕТСТВЕННОСТЬ
Код отношения Автор
Материалы, к которым относится поле rus
Графика поля Кириллица
Начальный элемент ввода Смирнов
Часть имени, кроме начального элемента ввода П. Е.
Дополнения к именам, кроме дат историк-международник
Даты 1960-
Расширение инициалов личного имени Павел Евгеньевич
Идентификатор авторитетной/нормативной записи RU\NLR\auth\7782683
Системный номер авторитетной/нормативной записи 65611
712 02 - НАИМЕНОВАНИЕ ОРГАНИЗАЦИИ - ВТОРИЧНАЯ ОТВЕТСТВЕННОСТЬ
Код отношения Прочие
Начальный элемент ввода Институт США и Канады
Идентифицирующий признак Москва
Идентификатор авторитетной/нормативной записи RU\NLR\AUTH\8810003742
Системный номер авторитетной/нормативной записи 504774
801 #0 - ИСТОЧНИК ЗАПИСИ
Страна Российская Федерация
Организация NLR
Дата составления 20011008
Правила каталогизации PSBO
801 #1 - ИСТОЧНИК ЗАПИСИ
Страна Российская Федерация
Организация NLR
Дата составления 20011008
942 ## - ДОПОЛНИТЕЛЬНЫЕ ЭЛЕМЕНТЫ ЗАПИСИ (АБИС)
Тип экземпляра АБИС Книга
980 ## - КОЛЛЕКЦИЯ
Название коллекции Национальная библиография
Экземпляры
Тип экземпляра Дата поступления Источник поступления Библиотека постоянного хранения Библиотека текущего хранения Место хранения Шифр хранения Штрих-код Статус экземпляра Стоимость
Книга 22.12.2004 Подсобные фонды РНБ РНБ (Московский) РНБ (Московский) Фонд общего зала социально-экономической литературы С1 Т3(0)63-6/С-582 1-424524   34.00
Книга 08.10.2001 Обязательный экземпляр РНБ (Московский) РНБ (Московский) Русский книжный фонд: издания с 1957 года 2001-5/3065 166603    
Книга 08.10.2001 Обязательный экземпляр РНБ (Московский) РНБ (Московский) Русский книжный фонд: издания с 1957 года 2001-5/3065 166604    
Книга 07.12.2004 Подсобные фонды РНБ РНБ (Садовая) РНБ (Садовая) Фонд научного зала социально-экономической литературы С2 Т3(0)63-6/С-938 1-100648